| 000 | 00659nam a2200205Ii 4500 | ||
|---|---|---|---|
| 003 | JO-AjNU | ||
| 008 | 230606s9999||||xx |||||||||||||| ||und|| | ||
| 020 | _a0-7156-1227-1(cased) , 0-7156-1228-X(paper) | ||
| 040 |
_aJO-AjNU _beng _erda _cJO-AjNU |
||
| 041 | _aeng | ||
| 050 | 1 | 4 | _aPR6013.G34 1995 |
| 100 | 3 |
_aGALSWORTHY, JOHN With school and acting notes by JOHN HAMPDEN, M.A, _eauthor _92699 |
|
| 245 | 0 | 4 | _aTHE SILVER BOX: A Comedy in Three Acts |
| 250 | _a1 ed | ||
| 264 | 3 | 1 | _aLondon: Gerald Duckworth andCo.Ltd, 1995 |
| 300 | _a76P | ||
| 336 |
_atext _btxt _2rdacontent |
||
| 337 |
_aunmediated _bn _2rdamedia |
||
| 338 |
_avolume _bnc _2rdacarrier |
||
| 999 |
_aE1413 _c1413 _d1413 |
||